LEADER 01783oam 2200505zu 450 001 996211343603316 005 20210807002629.0 010 $a1-5090-8872-5 035 $a(CKB)1000000000331659 035 $a(SSID)ssj0000397124 035 $a(PQKBManifestationID)12123928 035 $a(PQKBTitleCode)TC0000397124 035 $a(PQKBWorkID)10343137 035 $a(PQKB)10046310 035 $a(EXLCZ)991000000000331659 100 $a20160829d2007 uy 101 0 $aeng 181 $ctxt 182 $cc 183 $acr 200 10$aIEEE Symposium on Visual Languages and Human Centric Computing : VL/HCC 2007 : proceedings : 23-27 September, 2007, Coeur d'Aléne, Idaho 210 31$a[Place of publication not identified]$cIEEE Computer Society$d2007 300 $aBibliographic Level Mode of Issuance: Monograph 311 $a0-7695-2987-9 606 $aHuman-computer interaction$vCongresses 606 $aVisual programming languages (Computer science)$vCongresses 606 $aEnd-user computing$vCongresses 606 $aMultimedia systems$vCongresses 606 $aComputer Science$2HILCC 606 $aEngineering & Applied Sciences$2HILCC 615 0$aHuman-computer interaction 615 0$aVisual programming languages (Computer science) 615 0$aEnd-user computing 615 0$aMultimedia systems 615 7$aComputer Science 615 7$aEngineering & Applied Sciences 676 $a004.01/9 702 $aHosking$b John 702 $aCox$b Philip 712 12$aIEEE Symposium on Visual Languages and Human-Centric Computing 801 0$bPQKB 906 $aPROCEEDING 912 $a996211343603316 996 $aIEEE Symposium on Visual Languages and Human Centric Computing : VL$92350036 997 $aUNISA LEADER 00797nam a2200229 i 4500 001 991004291437107536 005 20231026170744.0 008 231026s1961 it e 001 e ita 040 $aBibl. Dip.le Aggr. Scienze Umane e Sociali - Sez. Studi Storici 082 04$a327.174094 082 04$a341.734 100 1 $aBlackett, Patrick Maynard Stuart$045233 240 10$aAtomic weapons and East-West relations$93571097 245 03$aLe armi atomiche e i rapporti fra Est e Ovest /$cP.M.S. Blackett 260 $aTorino :$bEinaudi,$c1961 300 $a246 p. ;$c22 cm 490 1 $aSaggi ;$v294 500 $aTrad. di Luciana Pecchioli 650 4$aArmi atomiche$xGuerra fredda$ySec. 20. 912 $a991004291437107536 996 $aAtomic weapons and East-West relations$93571097 997 $aUNISALENTO